000
00225 a2200109 4500
003
Nust
005
20170207154227.0
040
_c
Nust
082
_a
371.33
245
_a
YOs Dinner (VHS-220)
440
_a
YOs Dinner (VHS-220)
538
_a
Duration 108 Mins
999
_c
195626
_d
195626